00495nam a2200109Ia 4500008004100000041000800041082000800049100004400057245022400101260005100325300000900376221007s9999 xx 000 0 und d aeng bDES aDeshmukh N R & [Guide Name] - C M Joshi aAnalytical Study Of The Changing Investment Environment Individual Investors Prefernces Perceptions And Problems Regarding Investment In Indian Capital Market With Reference To Selested Cities In Maharashtra(2001- 2010) cJul-15bSavitribai Phule Pune UniversityaPune a363p